| Tag |
First Indicator |
Second Indicator |
Subfields |
| LEADER |
00000cam a2200000 a 4500 |
| 001 |
in00001702387 |
| 005 |
20230314202006.2 |
| 008 |
020916s2002 waua b 101 0 eng d |
| 020 |
|
|
|a 0819444758
|
| 035 |
|
|
|a (OCoLC)ocm50610563
|
| 040 |
|
|
|a TEF
|c TEF
|d TXA
|d UtOrBLW
|
| 049 |
|
|
|a TXAM
|
| 090 |
|
|
|a G70.4
|b .A44 2001
|
| 245 |
0 |
0 |
|a Algorithms and technologies for multispectral, hyperspectral, and ultraspectral imagery VIII :
|b 1-4 April 2002, Orlando, USA /
|c Sylvia S. Shen, Paul E. Lewis, chairs/editors ; sponsored ... by SPIE--the International Society for Optical Engineering.
|
| 246 |
3 |
0 |
|a Algorithms and technology for multispectral, hyperspectral and ultraspectral imagery eight
|
| 246 |
3 |
|
|a Algorithms and technology for multispectral, hyperspectral and ultraspectral imagery 8
|
| 264 |
|
1 |
|a Bellingham, Washington :
|b SPIE,
|c [2002]
|
| 264 |
|
4 |
|c ©2002
|
| 300 |
|
|
|a x, 612 pages :
|b illustrations (some color) ;
|c 28 cm.
|
| 336 |
|
|
|a text
|b txt
|2 rdacontent
|
| 337 |
|
|
|a unmediated
|b n
|2 rdamedia
|
| 338 |
|
|
|a volume
|b nc
|2 rdacarrier
|
| 490 |
1 |
|
|a Proceedings / SPIE--the international society for optical engineering ;
|v 4725
|
| 500 |
|
|
|a Previous proceedings titled: Algorithms for multispectral, hyperspectral, and ultraspectral imagery VII.
|
| 504 |
|
|
|a Includes bibliographical references and index.
|
| 650 |
|
0 |
|a Remote sensing
|v Congresses.
|
| 650 |
|
0 |
|a Image processing
|x Digital techniques
|v Congresses.
|
| 700 |
1 |
|
|a Shen, Sylvia S.
|
| 700 |
1 |
|
|a Lewis, Paul E.
|c (Scientist)
|
| 710 |
2 |
|
|a Society of Photo-optical Instrumentation Engineers.
|
| 730 |
0 |
|
|a Algorithms for multispectral, hyperspectral, and ultraspectral imagery VII.
|
| 830 |
|
0 |
|a Proceedings of SPIE--the International Society for Optical Engineering ;
|v v. 4725.
|
| 856 |
4 |
1 |
|u https://www.spiedigitallibrary.org/conference-proceedings-of-SPIE/4725.toc
|t 0
|
| 948 |
|
|
|a cataloged
|b h
|c 2002/9/23
|d c
|e dmitchel
|f 12:00:00 pm
|
| 994 |
|
|
|a E0
|b TXA
|
| 999 |
|
|
|a MARS
|
| 999 |
f |
f |
|s d1a8e44d-6adb-34d0-ad24-395e820374aa
|i 1510dcfd-7917-3e22-a045-9bb10c05a462
|t 0
|
| 952 |
f |
f |
|p ric
|a Texas A&M University
|b Rellis Campus
|c Joint Library Facility
|d Remote Storage
|t 0
|e G70.4 .A44 2001
|h Library of Congress classification
|i unmediated -- volume
|m A14829147664
|
| 998 |
f |
f |
|a G70.4 .A44 2001
|t 0
|l Remote Storage
|